[Event "16th Battle of Senta Open A"]
[Site "Senta SRB"]
[Date "2012.07.21"]
[Round "9.16"]
[White "Andrejic,V"]
[Black "Szabados,K"]
[Result "1-0"]
[WhiteElo "2182"]
[BlackElo "2091"]

1.d4 Nf6 2.c4 e6 3.Nc3 Bb4 4.f3 d5 5.a3 Bxc3+ 6.bxc3 O-O 7.cxd5 exd5 8.e3 c5
9.Bd3 Nc6 10.Ne2 c4 11.Bc2 Re8 12.O-O b5 13.Ng3 a5 14.e4 dxe4 15.fxe4 Bg4
16.Qe1 Nd5 17.h3 Bd7 18.Bd2 Nde7 19.Qf2 Rf8 20.Nh5 Ng6 21.Nf4 Qh4 22.Qf3 Nxf4
23.Bxf4 Qe7 24.Qh5 g6 25.Qh6 f6 26.Be3 b4 27.axb4 axb4 28.Rxa8 Rxa8 29.d5 Ne5
30.cxb4 Ra2 31.Bc5 Qg7 32.Qc1 f5 33.Qb1 Ra3 34.b5 Ra5 35.b6 Rxc5 36.b7 Rc8
37.bxc8=B Bxc8 38.Qb8 Qf8 39.Qxe5  1-0

[Event "ch-AUT 2012"]
[Site "Zwettl AUT"]
[Date "2012.07.22"]
[Round "2.18"]
[White "Sandhoefner,F"]
[Black "Wiedner,R"]
[Result "1/2-1/2"]
[WhiteElo "2228"]
[BlackElo "2162"]

1.d4 Nf6 2.c4 e6 3.Nc3 Bb4 4.f3 Qe7 5.a3 Bxc3+ 6.bxc3 b6 7.e4 e5 8.Bd3 d6
9.Ne2 h6 10.O-O g5 11.Be3 Nbd7 12.Qd2 Nf8 13.h4 N6h7 14.c5 Ng6 15.cxd6 cxd6
16.hxg5 hxg5 17.Rad1 Bd7 18.Ba6 Ba4 19.Rb1 Nf4 20.Ng3 Rd8 21.Nf5 Qf6 22.g3 Nh3+
23.Kg2 g4 24.fxg4 N3g5 25.Nxd6+ Qxd6 26.Bxg5 Nxg5 27.Qxg5 exd4 28.Bc4 Rd7
29.cxd4 Qxd4 30.Bd5 Rc7 31.Rfc1 Rc2+ 32.Rxc2 Bxc2 33.Rb4 Qa1 34.Bc6+ Kf8
35.Qd8+ Kg7 36.Qg5+ Kf8  1/2-1/2

[Event "5th Paleochora Open"]
[Site "Paleochora GRE"]
[Date "2012.07.23"]
[Round "9.25"]
[White "Liargovas,D"]
[Black "Mansour,Sam"]
[Result "0-1"]
[WhiteElo "1920"]
[BlackElo "2239"]

1.d4 Nf6 2.c4 e6 3.Nc3 Bb4 4.f3 d5 5.a3 Bxc3+ 6.bxc3 c5 7.cxd5 exd5 8.e3 Bf5
9.Bd3 Bxd3 10.Qxd3 O-O 11.Ne2 Nc6 12.O-O Re8 13.Nf4 Qa5 14.Ra2 Rac8 15.Re2 cxd4
16.cxd4 Qa4 17.g4 Red8 18.Qf5 Ne7 19.Qb1 Qa6 20.Rg2 Ng6 21.Nxg6 hxg6 22.h4 Rc6
23.a4 Rdc8 24.Bd2 Rb6 25.Qd1 Qd3 26.Qe2 Qa3 27.Qd1 Rb3 28.a5 Rb2 29.Bc1 Rxg2+
30.Kxg2 Qxa5 31.Bd2 Qa2 32.Rf2 Qc4 33.Qb1 b6 34.Qb2 Nd7 35.Qa3 a5 36.Qe7 Nf8
37.h5 gxh5 38.gxh5 Qd3 39.Qe5 Rc2 40.Be1 Rc1 41.Rd2 Qb1  0-1

[Event "27th Avoine Open"]
[Site "Avoine FRA"]
[Date "2012.07.24"]
[Round "4.20"]
[White "Gerard,N"]
[Black "Auvray,J"]
[Result "1-0"]
[WhiteElo "2279"]
[BlackElo "1941"]

1.d4 Nf6 2.c4 e6 3.Nc3 Bb4 4.f3 d5 5.a3 Bxc3+ 6.bxc3 c6 7.e3 O-O 8.Bd3 b6
9.cxd5 cxd5 10.Ne2 Ba6 11.e4 Bxd3 12.Qxd3 Nc6 13.Bg5 h6 14.Bh4 dxe4 15.fxe4 Ne5
16.Qe3 Ng6 17.Bg3 Qc8 18.O-O Qc6 19.e5 Nd5 20.Qf3 Rac8 21.Be1 b5 22.Bd2 Nb6
23.Qg4 Nc4 24.Bc1 Kh8 25.Ng3 Qb6 26.Kh1 Qd8 27.Ne4 Qh4 28.Qe2 Rc7 29.Rf3 Qg4
30.Qe1 Qh4 31.Nf2 Rfc8 32.Rh3 Qe7 33.Ne4 Qd7 34.Bxh6 gxh6 35.Qc1 Qe7 36.Qxh6+  1-0

[Event "Corporation Centre Cup A"]
[Site "Izhevsk RUS"]
[Date "2012.07.24"]
[Round "9.6"]
[White "Aleksandrov,A"]
[Black "Ibragimov,I"]
[Result "1-0"]
[WhiteElo "2602"]
[BlackElo "2539"]

1.d4 Nf6 2.c4 e6 3.Nc3 Bb4 4.f3 d5 5.a3 Bxc3+ 6.bxc3 c5 7.cxd5 Nxd5 8.dxc5 Qa5
9.e4 Nf6 10.Be3 O-O 11.Kf2 Nfd7 12.Rb1 Na6 13.Bxa6 Qxa6 14.Ne2 b6 15.Qd6 bxc5
16.Bxc5 Nxc5 17.Qxc5 Bd7 18.Rhd1 Rfc8 19.Qe7 Bb5 20.Nf4 h6 21.Kg3 Qa5 22.Nxe6 fxe6
23.Qxe6+ Kh8 24.Qe5 Rab8 25.c4 Re8 26.Qf4  1-0

[Event "ch-AUT 2012"]
[Site "Zwettl AUT"]
[Date "2012.07.24"]
[Round "4.16"]
[White "Sandhoefner,F"]
[Black "Zsifkovits,R"]
[Result "1-0"]
[WhiteElo "2228"]
[BlackElo "2152"]

1.d4 Nf6 2.c4 e6 3.Nc3 Bb4 4.f3 d5 5.a3 Bxc3+ 6.bxc3 c6 7.Qc2 Nbd7 8.e4 e5
9.cxd5 cxd5 10.Bd3 Qc7 11.Ne2 h6 12.O-O O-O 13.Bd2 Re8 14.Ng3 b6 15.exd5 exd4
16.c4 Nc5 17.Bb4 Ba6 18.Bxc5 Qxc5 19.Nf5 b5 20.cxb5 Qxc2 21.Bxc2 Bxb5 22.Rfd1 Nxd5
23.Nxd4 Ne3 24.Nxb5 Nxc2 25.Rac1 Rec8 26.Rd2 Ne3 27.Rxc8+ Rxc8 28.Nxa7 Rc5
29.Rd3 Nc2 30.Rb3 Nd4 31.Rb4 Ra5 32.Rxd4 Rxa7 33.a4 Kf8 34.Kf2 Ke7 35.Ke3 Ke6
36.Kd3 Ke5 37.f4+ Ke6 38.Kc3 Rc7+ 39.Kb3 Rc1 40.a5 g5 41.fxg5 hxg5 42.a6 Rc7
43.Kb4 Ke5 44.Rd2 f5 45.Ra2 Rc8 46.a7 Ra8 47.Kc5 f4 48.h3  1-0

[Event "23rd Czech Open A"]
[Site "Pardubice CZE"]
[Date "2012.07.25"]
[Round "6.50"]
[White "Coleman,T"]
[Black "Osmanodja,F"]
[Result "1/2-1/2"]
[WhiteElo "2379"]
[BlackElo "2199"]

1.d4 Nf6 2.c4 e6 3.Nc3 Bb4 4.f3 d5 5.a3 Bxc3+ 6.bxc3 c5 7.cxd5 Nxd5 8.dxc5 f5
9.Nh3 O-O 10.Nf4 Nxc3 11.Qd2 Nd5 12.e3 Nc6 13.Bc4 Nc7 14.Qc3 Kh8 15.Bb2 Qe7
16.O-O e5 17.Nd5 Nxd5 18.Bxd5 Re8 19.Bxc6 bxc6 20.Rfd1 Qf7 21.Rd2 Rb8 22.Qxe5 Rxe5
23.Bxe5 Qe7 24.Rad1 h6 25.Bxb8 Qxe3+ 26.Kh1 Be6 27.Rd8+ Kh7 28.Re8 Qxa3 29.Rxe6 Qb3
30.Red6 Qxb8 31.Rxc6 Qb3 32.Ra1 Qc3 33.Rca6 Qxc5 34.Rxa7 Qd4 35.h3 h5 36.R7a4 Qe5
37.Rd1 Qe2 38.Rd5 Qe1+ 39.Kh2 h4 40.Rxf5  1/2-1/2

[Event "PAB Romania Open 2012"]
[Site "Arad ROU"]
[Date "2012.07.27"]
[Round "1.3"]
[White "Morea,G"]
[Black "Szabo,G ROM"]
[Result "0-1"]
[WhiteElo "1912"]
[BlackElo "2533"]

1.d4 Nf6 2.c4 e6 3.Nc3 Bb4 4.f3 d5 5.a3 Bxc3+ 6.bxc3 c5 7.e3 O-O 8.Nh3 Nc6
9.Bd3 dxc4 10.Bxc4 e5 11.Nf2 exd4 12.cxd4 cxd4 13.O-O dxe3 14.Bxe3 Bf5 15.Ra2 Re8
16.Bg5 Qe7 17.Rb2 Rad8 18.Qa1 Nd4 19.Rd2 Nc2 20.Qa2 Rxd2 21.Bxd2 Bg6 22.Qb3 Nd4
23.Qa4 Qc5 24.Qb4 Qxb4 25.axb4 b5 26.Bd3 Bxd3 27.Nxd3 Rd8 28.Bg5 Ne6 29.Bxf6 gxf6
30.Nf2 Rd4 31.Ne4 Rxb4 32.Nxf6+ Kg7 33.Ne4 a5  0-1

[Event "99th ch-GBR 2012"]
[Site "North Shields ENG"]
[Date "2012.07.27"]
[Round "5.18"]
[White "Weller,Jean-Luc"]
[Black "Mason,D"]
[Result "1-0"]
[WhiteElo "2115"]
[BlackElo "2244"]

1.d4 Nf6 2.c4 e6 3.Nc3 Bb4 4.f3 O-O 5.e4 d5 6.e5 Nfd7 7.cxd5 exd5 8.a3 Bxc3+
9.bxc3 f6 10.exf6 Qxf6 11.Bd3 Nb6 12.Ne2 Bf5 13.O-O Nc6 14.g4 Bxd3 15.Qxd3 Rae8
16.Ng3 Nc4 17.Kg2 Qe6 18.Rb1 b6 19.Rf2 Ne7 20.Re2 Qd7 21.Bg5 Ng6 22.Rbe1 Rxe2+
23.Rxe2 Re8 24.Rxe8+ Qxe8 25.h4 h6 26.h5 Nf8 27.Bc1 Qe6 28.Qf5 Qxf5 29.Nxf5 Kf7
30.Kg3 Nh7 31.Kh4 b5 32.f4 Nf6 33.g5 Ng8 34.Kg4 a5 35.Ne3 Nxe3+ 36.Bxe3 Ne7
37.f5 hxg5 38.Bxg5 Nc6 39.Bf4 b4 40.cxb4 axb4 41.axb4 Nxb4 42.Bxc7 Nc6 43.Be5 Ne7
44.Kf4 Nc6 45.Kg5 Nd8 46.f6 gxf6+ 47.Bxf6 Ne6+ 48.Kf5 Nf8 49.h6 Kg8 50.Bg7  1-0

[Event "23rd Czech Open A"]
[Site "Pardubice CZE"]
[Date "2012.07.27"]
[Round "8.93"]
[White "Lokander,M"]
[Black "Mueller,Jan1"]
[Result "1-0"]
[WhiteElo "2271"]
[BlackElo "2162"]

1.d4 e6 2.c4 Nf6 3.Nc3 Bb4 4.f3 d5 5.a3 Bxc3+ 6.bxc3 c5 7.cxd5 Nxd5 8.dxc5 Qa5
9.e4 Ne7 10.Be3 O-O 11.Qb3 Qc7 12.Bb5 b6 13.cxb6 axb6 14.Ne2 Ba6 15.O-O Nd7
16.Rfd1 Nc5 17.Qc4 Bxb5 18.Qxb5 Ra5 19.Qb2 Rfa8 20.Rdb1 b5 21.Nd4 Na4 22.Nxb5 Qe5
23.Qb4 Nc6 24.Qb3 Rb8 25.c4 h6 26.Qc2 f5 27.Bd2 Raa8 28.Re1 Qc5+ 29.Be3 Qf8
30.Nc7 Ra5 31.Nxe6 Qf7 32.exf5 Rb2 33.Qe4 Ne7 34.Bd4 Rb8 35.Nxg7 Nxf5 36.Nxf5 Rxf5
37.Rab1  1-0

[Event "3rd Terre degli Elimi"]
[Site "Erice ITA"]
[Date "2012.07.28"]
[Round "4"]
[White "Milletari',Ruggero"]
[Black "Valguarnera,G"]
[Result "1-0"]
[WhiteElo "1769"]
[BlackElo "2118"]

1.d4 Nf6 2.c4 e6 3.Nc3 Bb4 4.f3 c5 5.d5 exd5 6.cxd5 d6 7.e4 O-O 8.Be3 Re8
9.Bd3 Nxd5 10.Bd2 Nf6 11.Nge2 Nc6 12.O-O Ne5 13.Bf4 a6 14.Bc2 Be6 15.Qc1 Bc4
16.Rd1 Qd7 17.a3 Ba5 18.Bg5 h6 19.Bh4 Ng6 20.Bg3 Rad8 21.Bd3 Bxd3 22.Rxd3 Ne5
23.Rd1 b5 24.b4 cxb4 25.axb4 Bxb4 26.Rxa6 Bc5+ 27.Kh1 Qb7 28.Ra5 Ra8 29.Rxb5 Qc6
30.Rb1 Ba3 31.Qc2 Nh5 32.Bf2 Rac8 33.Qb3 Bc5 34.Bxc5 dxc5 35.Qb5 Qg6 36.Rd5 f6
37.Rxc5 Ra8 38.f4 Ng4 39.Rxh5 Ne3 40.Ng3 Rad8 41.Re1 Nc2 42.Qb3+ Kh7 43.Qxc2 Rc8
44.Qb3 Qg4 45.Nd5 Rc6 46.Rf5 Rxe4 47.Nxe4 Qxf5 48.Qb1 Kh8 49.Ne7 Qe6 50.Nxc6 Qxc6
51.Qc1 Qd7 52.Qe3 Qe7 53.Ng5  1-0

[Event "Politiken Cup 2012"]
[Site "Helsingor DEN"]
[Date "2012.07.28"]
[Round "1.92"]
[White "Moerling,Joakim"]
[Black "Lofgren,C"]
[Result "0-1"]
[WhiteElo "1685"]
[BlackElo "2111"]

1.d4 Nf6 2.c4 e6 3.Nc3 Bb4 4.f3 d5 5.a3 Bxc3+ 6.bxc3 b6 7.cxd5 exd5 8.e3 O-O
9.Bd3 c5 10.Ne2 Nc6 11.O-O Re8 12.Ng3 Bb7 13.Ra2 Qc7 14.Re2 Rad8 15.Bb2 Re6
16.Qa4 a6 17.Bb1 Na5 18.Bd3 b5 19.Qd1 Rde8 20.Qe1 Nc4 21.Bc1 Qb6 22.Nf5 Nd6
23.Qg3 Nxf5 24.Bxf5 R6e7 25.Rfe1 cxd4 26.cxd4 a5 27.Bb2 b4 28.axb4 axb4 29.Qh4 Ba6
30.e4 Bxe2 31.Rxe2 g6 32.Bh3 dxe4 33.fxe4 Rxe4 34.Rxe4 Rxe4 35.Qf2 Nd5 36.Qc2 Re1+
37.Kf2 Rf1+ 38.Ke2 Qb5+  0-1

[Event "ch-AUT 2012"]
[Site "Zwettl AUT"]
[Date "2012.07.28"]
[Round "8.7"]
[White "Menezes,Chr"]
[Black "Denk,A"]
[Result "1/2-1/2"]
[WhiteElo "2273"]
[BlackElo "2272"]

1.d4 Nf6 2.c4 e6 3.Nc3 Bb4 4.f3 c5 5.d5 b5 6.e4 bxc4 7.Bxc4 O-O 8.Ne2 exd5
9.Bxd5 Nc6 10.Bg5 Qb6 11.Bxf6 gxf6 12.Qd2 Ba6 13.Nf4 f5 14.Nh5 Nd4 15.Bxa8 Rxa8
16.a3 Ba5 17.b4 cxb4 18.Nd5 b3 19.Nxb6 axb6 20.O-O-O Bxd2+ 21.Rxd2 Ne6 22.exf5 Nc5
23.Nf6+ Kg7 24.Nxd7 Nxd7 25.Rxd7 Bb5 26.Rd6 Rxa3 27.Kb2 Ra2+ 28.Kxb3 Rxg2
29.Rxb6 Bd7 30.Kc4 Bxf5 31.Kd4 Be6 32.Ke3 Kf6 33.Kf4 Rg5 34.h4 Rg2 35.Rb8 Ra2
36.h5 Ra4+ 37.Kg3 h6 38.Rh4 Ra5 39.Rf4+ Kg7 40.Kh4 Ra1 41.Kg3 Rg1+ 42.Kf2 Rg5
43.Rh4 Kf6 44.Rb1 Ra5 45.Rg1 Ra2+ 46.Kg3 Ra8 47.Rb1 Rg8+ 48.Kf2 Ra8 49.Rhb4 Ra5
50.Rb5 Ra2+ 51.R1b2 Ra1 52.Rb8 Ra5 53.R2b5 Ra2+ 54.Kg3 Ra1 55.Rh8 Rh1 56.Kf4 Rh4+
57.Ke3 Kg7 58.Rd8 Rh1 59.f4 Rh3+ 60.Kd4 Rh1 61.Ke4 Re1+ 62.Kf3 Rf1+ 63.Ke3 Bg4
64.Rbb8 Bxh5 65.Rg8+ Kf6 66.Rb6+ Ke7 67.Rxh6 Bg6 68.Rh2 Ra1 69.Rb8 Ra3+ 70.Kf2 Be4
71.Rb4 Bd5 72.Rh5 Ba2 73.Re5+ Kf6 74.Re3 Ra6 75.Rc3 Be6 76.Ke3 Rd6 77.Rd4 Ra6
78.Rd1 Rb6 79.Rcc1 Rb3+ 80.Rd3 Rb2 81.Rc5 Rb1 82.Kf2 Rh1 83.Kg2 Rh4 84.Kf3 Rh3+
85.Ke4 Rh1 86.Rd6 Re1+ 87.Kf3 Rf1+ 88.Ke3 Kg6 89.Rb6 Kf6 90.Rb4 Kg6 91.Ke4 Kf6
92.Re5 Re1+ 93.Kd4 Rd1+ 94.Kc5 Rc1+ 95.Kb6 Rf1 96.Kc7 Rc1+ 97.Kd6 Rd1+ 98.Kc6 Rc1+
99.Rc5 Rf1 100.Rd4 Ke7 101.Re4 Kf6 102.Rce5 Rc1+ 103.Kb5 Rf1 104.Kc5 Bf5
105.Ra4 Rxf4  1/2-1/2

[Event "21st Kavala Open A"]
[Site "Kavala GRE"]
[Date "2012.07.29"]
[Round "6"]
[White "Filippas,S"]
[Black "Volkov,Sergey1"]
[Result "0-1"]
[WhiteElo "2263"]
[BlackElo "2594"]

1.d4 Nf6 2.c4 e6 3.Nc3 Bb4 4.f3 c5 5.d5 b5 6.e4 O-O 7.e5 Ne8 8.f4 exd5 9.cxd5 d6
10.Nf3 c4 11.a4 Bb7 12.axb5 dxe5 13.fxe5 Qxd5 14.Qxd5 Bxd5 15.Bd2 Bxc3 16.Bxc3 Nc7
17.O-O-O Nd7 18.Bb4 Rfe8 19.Bd6 Bxf3 20.gxf3 Nxb5 21.f4 Nxd6 22.Rxd6 Nb6
23.Be2 Rad8 24.Rhd1 Rxd6 25.Rxd6 g5 26.Rd4 gxf4 27.Rxf4 Rxe5 28.Bxc4 Nxc4
29.Rxc4 a5 30.b4 axb4 31.Rxb4 Rd5 32.Rg4+ Kf8 33.Kc2 f6 34.Kc3 Kf7 35.Kc4 Rd7
36.Rd4 Rxd4+ 37.Kxd4 Kg6 38.Ke4 Kg5 39.Kf3 Kf5 40.Ke3 Ke5 41.Kf3 f5 42.Ke3 f4+
43.Kf3 Kf5  0-1

[Event "Politiken Cup 2012"]
[Site "Helsingor DEN"]
[Date "2012.07.31"]
[Round "5.40"]
[White "Haugli,P"]
[Black "Hyldkrog,L"]
[Result "1-0"]
[WhiteElo "2318"]
[BlackElo "2041"]

1.d4 Nf6 2.c4 e6 3.Nc3 Bb4 4.f3 c5 5.d5 d6 6.e4 e5 7.Bd3 Bxc3+ 8.bxc3 Nbd7
9.Ne2 O-O 10.h4 h5 11.Bg5 Qc7 12.Qd2 a6 13.Ng3 g6 14.O-O Re8 15.f4 Ng4 16.f5 b5
17.Be2 bxc4 18.Bxg4 hxg4 19.Qe2 Nf8 20.Qxg4 Rb8 21.Rf2 Qa5 22.Qf3 Rb7 23.Bh6 Qd8
24.Bg5 Qd7 25.Raf1 Nh7 26.Qe3 a5 27.Bh6 Qe7 28.h5 gxh5 29.f6 Qd7 30.Rf5 h4
31.Rg5+ Kh8 32.Bg7+ Kg8 33.Nf5 Nf8 34.Bxf8+ Kxf8 35.Rg8+ Kxg8 36.Qg5+  1-0

[Event "99th ch-GBR 2012"]
[Site "North Shields ENG"]
[Date "2012.07.31"]
[Round "8.9"]
[White "Weller,Jean-Luc"]
[Black "Palliser,R"]
[Result "1/2-1/2"]
[WhiteElo "2115"]
[BlackElo "2482"]

1.d4 Nf6 2.c4 e6 3.Nc3 Bb4 4.f3 O-O 5.a3 Bxc3+ 6.bxc3 Ne8 7.e4 b6 8.Bd3 Ba6
9.f4 Nc6 10.Nf3 Na5 11.Qe2 f5 12.e5 d5 13.cxd5 Bxd3 14.Qxd3 Qxd5 15.a4 c5
16.Ba3 Rf7 17.O-O Rd7 18.Rfd1 Rad8 19.Qe2 Qc4 20.Qxc4 Nxc4 21.Rdb1 cxd4 22.Nxd4 Nc7
23.a5 bxa5 24.Nc6 Nxa3 25.Rxa3 Rd1+ 26.Rxd1 Rxd1+ 27.Kf2 Nd5 28.g3 Rd2+ 29.Kg1 Rc2
30.Rxa5  1/2-1/2

[Event "Politiken Cup 2012"]
[Site "Helsingor DEN"]
[Date "2012.08.02"]
[Round "7.4"]
[White "Haugli,P"]
[Black "Brynell,S"]
[Result "1/2-1/2"]
[WhiteElo "2318"]
[BlackElo "2498"]

1.d4 e6 2.c4 Nf6 3.Nc3 Bb4 4.f3 c5 5.d5 O-O 6.e4 b5 7.e5 Ne8 8.f4 exd5 9.cxd5 d6
10.Nf3 Nc7 11.Bd3 c4 12.Be4 f5 13.exf6 Qxf6 14.Qc2 Bf5 15.O-O Nd7 16.Be3 Bxc3
17.bxc3 Bxe4 18.Qxe4 Rfe8 19.Qd4 Qxd4 20.Bxd4 Nxd5 21.a4 a6 22.g3 Nc5 23.Bxc5 dxc5
24.Rfc1 Re3 25.Kf2 Rb8 26.axb5 axb5 27.Ne5 Rxc3 28.Rd1 Nf6 29.Ra7 Re8 30.Kg2 h6
31.Rd6 Rc2+ 32.Kh3 c3 33.Rc6 Rd8 34.Rcc7 Ne8 35.Rxc5 b4 36.Nc6 Rdd2 37.Nxb4 Rxh2+
38.Kg4 Nf6+ 39.Kf5 Rcg2 40.Rxc3 Kh7 41.Raa3 Re2 42.Re3 Rb2 43.Rab3 Rh5+ 44.Ke6 Rxb3
45.Rxb3 Rb5 46.Rb2 Nh5 47.Nd3 Rxb2 48.Nxb2 Nxg3 49.f5 Ne4 50.Ke5 Nc5 51.Kf4 Kg8
52.Nc4 Kf7 53.Ne5+ Ke7 54.Ng4 Nd7 55.Ne3 Kd6 56.Nc4+ Kd5 57.Ne3+ Kd4 58.Nc2+ Kc3
59.Ne3 Nf6 60.Ng2 Kd4 61.Nh4 Nd5+ 62.Kg4 Ke5 63.Nf3+ Ke4 64.Nd2+ Ke3 65.Nc4+ Ke4
66.Nd6+ Ke5 67.Nc4+ Kf6 68.Nd6 Ke5 69.Nc4+ Kd4 70.Nd6 Ke3 71.Nc4+ Kd3 72.Nd6 Nf6+
73.Kf4 Ke2 74.Nb5 Kf2 75.Nd4 h5 76.Kg5 Kg3 77.Ne2+ Kf3 78.Nd4+ Kf2 79.Kh4 Ke3
80.Ne6 Ke4  1/2-1/2

[Event "Olomouc GM Valoz Cup"]
[Site "Olomouc CZE"]
[Date "2012.08.02"]
[Round "2.4"]
[White "Simantsev,M"]
[Black "Krejci,Jan2"]
[Result "0-1"]
[WhiteElo "2526"]
[BlackElo "2503"]

1.d4 Nf6 2.c4 e6 3.Nc3 Bb4 4.f3 d5 5.a3 Bxc3+ 6.bxc3 c6 7.Qc2 dxc4 8.e4 b5
9.a4 O-O 10.Ne2 Nbd7 11.Ng3 a5 12.Ba3 Re8 13.Rb1 Ba6 14.Be2 e5 15.Nf5 b4
16.cxb4 axb4 17.Bxb4 exd4 18.Bxc4 Bxc4 19.Qxc4 Ne5 20.Qc2 d3 21.Qc3 Nh5 22.Bd6 Qg5
23.Kf2 Nf4 24.Bxe5 Qxg2+ 25.Ke3 Nd5+ 26.exd5 Rxe5+ 27.Qxe5 Qe2+ 28.Kf4 g5+
29.Kg4 Qxe5 30.Ra1  0-1

[Event "CEG vs Legends 2012"]
[Site "Geneve SUI"]
[Date "2012.08.07"]
[Round "5"]
[White "Dubessay,B"]
[Black "Spraggett,K"]
[Result "0-1"]
[WhiteElo "2350"]
[BlackElo "2595"]

1.d4 Nf6 2.c4 e6 3.Nc3 Bb4 4.f3 c5 5.d5 O-O 6.e4 Re8 7.Nh3 d6 8.Nf2 exd5
9.cxd5 a6 10.Be2 Nbd7 11.O-O Nf8 12.Qc2 Ng6 13.Bd2 Bd7 14.a4 Rc8 15.b3 h6
16.Rfe1 Nh5 17.g3 Nf6 18.f4 Ba5 19.Nb1 Bb6 20.a5 Bc7 21.Bc3 Bb5 22.Bc4 Nf8
23.Qd3 Bd7 24.Nd2 Ng4 25.Nh1 Bb8 26.h3 Nf6 27.g4 Ng6 28.Rf1 Nh7 29.Ng3 Qh4
30.Nf5 Bxf5 31.exf5 Ngf8 32.Kg2 Qd8 33.Nf3 Nd7 34.Rfe1 Rxe1 35.Rxe1 Bc7 36.Qd2 Ndf6
37.g5 Nh5 38.Kh2 Qd7 39.Nh4 Re8 40.Be2 hxg5 41.fxg5 Bd8 42.Bxh5 Bxg5 43.Rxe8+ Qxe8
44.Qe1 Qd7 45.Bg4 Qb5 46.f6 Nxf6 47.Nf5 Qxb3 48.Ne7+ Kf8 49.Bf3 Bh4 50.Qxh4 Qxc3  0-1

[Event "16th Izmailov Mem"]
[Site "Tomsk RUS"]
[Date "2012.08.07"]
[Round "1.1"]
[White "Timofeev,Arty"]
[Black "Mukhamadeev,R"]
[Result "1-0"]
[WhiteElo "2639"]
[BlackElo "2092"]

1.d4 Nf6 2.c4 e6 3.Nc3 Bb4 4.f3 d5 5.a3 Bxc3+ 6.bxc3 h6 7.e3 b6 8.cxd5 exd5
9.Bd3 Bb7 10.Ne2 O-O 11.g4 c5 12.h4 Ne8 13.Ra2 Nd6 14.Nf4 Re8 15.g5 hxg5
16.hxg5 Qxg5 17.Rah2 Kf8 18.Kf2 Qf6 19.Rh8+ Ke7 20.Nh5 Rxh8 21.Nxf6 Rxh1
22.Ng8+ Kf8 23.Qxh1 Kxg8 24.Qh7+ Kf8 25.e4 dxe4 26.Qh8+ Ke7 27.Bg5+ Ke6 28.Bc4+ Kf5
29.Qh5 Nxc4 30.Qxf7+ Kxg5 31.Qxg7+ Kf5 32.Qxb7 e3+ 33.Ke2 cxd4 34.cxd4  1-0

[Event "Miguel Najdorf Open A"]
[Site "Warsaw POL"]
[Date "2012.08.07"]
[Round "2.13"]
[White "Choroszej,A"]
[Black "Deszczynski,A"]
[Result "0-1"]
[WhiteElo "2114"]
[BlackElo "2365"]

1.d4 Nf6 2.c4 e6 3.Nc3 Bb4 4.f3 d5 5.e3 c5 6.a3 Bxc3+ 7.bxc3 O-O 8.Bd3 dxc4
9.Bxc4 Qc7 10.Qd3 Rd8 11.Ne2 Nc6 12.Ba2 e5 13.Qc4 cxd4 14.cxd4 Be6 15.Qc3 Bxa2
16.Rxa2 exd4 17.exd4 Rac8 18.Bg5 Nxd4 19.Bxf6 Qxc3+ 20.Nxc3 gxf6 21.Nd1 Rc2
22.Rxc2 Nxc2+ 23.Ke2 Nxa3 24.Ne3 Nb5 25.Rc1 b6 26.Kf2 h5 27.Nf5 Kh7 28.h3 Nd6
29.Rd1 Ne4+ 30.Ke1 Rxd1+ 31.Kxd1 Nc3+ 32.Kd2 Nd5 33.g3 Kg6 34.Nh4+ Kg5 35.f4+ Nxf4
36.Nf3+ Kf5 37.Nh4+ Kg5 38.Nf3+ Kf5 39.Nh4+ Ke4 40.gxf4 Kxf4 41.Ke2 a5 42.Ng2+ Ke4
43.Ne3 b5 44.Nd1 b4 45.Nb2 f5 46.h4 f4 47.Na4 f3+ 48.Kf2 Kd3 49.Kxf3 Kc2
50.Ke2 b3  0-1

[Event "16th Izmailov Mem"]
[Site "Tomsk RUS"]
[Date "2012.08.09"]
[Round "3.5"]
[White "Timofeev,Arty"]
[Black "Sukhanov,D"]
[Result "1-0"]
[WhiteElo "2639"]
[BlackElo "2152"]

1.d4 Nf6 2.c4 e6 3.Nc3 Bb4 4.f3 O-O 5.a3 Bxc3+ 6.bxc3 Ne8 7.e4 b6 8.Bd3 Ba6
9.f4 Nc6 10.Nf3 Na5 11.Qe2 c5 12.d5 f6 13.e5 d6 14.dxe6 dxe5 15.fxe5 Nb3
16.O-O Nxc1 17.Raxc1 f5 18.g4 fxg4 19.Qe4 g6 20.Nh4 Ng7 21.Rxf8+ Kxf8 22.Nxg6+ hxg6
23.Qxg6 Kg8 24.Qh7+  1-0

[Event "16th Izmailov Mem"]
[Site "Tomsk RUS"]
[Date "2012.08.11"]
[Round "5.2"]
[White "Timofeev,Arty"]
[Black "Nukin,A"]
[Result "1-0"]
[WhiteElo "2639"]
[BlackElo "2347"]

1.d4 Nf6 2.c4 e6 3.Nc3 Bb4 4.f3 d5 5.a3 Bxc3+ 6.bxc3 c5 7.cxd5 Nxd5 8.dxc5 Qa5
9.e4 Nf6 10.Be3 O-O 11.Kf2 Nfd7 12.Rb1 Rd8 13.Qb3 Qc7 14.Rd1 Rf8 15.Qb4 Nc6
16.Qa4 Nce5 17.Qd4 Nc6 18.Qd3 Nde5 19.Qb1 Na5 20.Bd4 Nd7 21.Qb4 Nc6 22.Qb2 Na5
23.c4 e5 24.Be3 Nxc5 25.Rd5 Nd7 26.c5 b6 27.cxb6 axb6 28.Bb5 Nc5 29.Ne2 Ba6
30.Bxa6 Rxa6 31.Bxc5 bxc5 32.Rc1 Rb8 33.Rcxc5 Qa7 34.Qxe5 Nb7 35.Qd4 Ra4
36.Rc4 Rxa3 37.Rb4 Qxd4+ 38.Nxd4 Rba8  1-0

[Event "16th HZ Open"]
[Site "Vlissingen NED"]
[Date "2012.08.11"]
[Round "9"]
[White "Rademakers,M"]
[Black "Van Eijk,S"]
[Result "0-1"]
[WhiteElo "2036"]
[BlackElo "2441"]

1.c4 e6 2.d4 Nf6 3.Nc3 Bb4 4.f3 c5 5.a3 Bxc3+ 6.bxc3 O-O 7.e4 Ne8 8.Bd3 Nc6
9.Ne2 e5 10.Be3 b6 11.dxc5 bxc5 12.Bxc5 d6 13.Be3 Qc7 14.c5 Na5 15.Bb5 dxc5
16.Qa4 Nd6 17.Rd1 a6 18.Rxd6 axb5 19.Qd1 Nc4  0-1

[Event "Miguel Najdorf Open A"]
[Site "Warsaw POL"]
[Date "2012.08.12"]
[Round "7.14"]
[White "Choroszej,A"]
[Black "Wojciechowski,Pi"]
[Result "0-1"]
[WhiteElo "2114"]
[BlackElo "2314"]

1.d4 Nf6 2.c4 e6 3.Nc3 Bb4 4.f3 d5 5.a3 Bxc3+ 6.bxc3 O-O 7.cxd5 exd5 8.e3 Bf5
9.Ne2 Re8 10.g4 Bg6 11.Bg2 c5 12.O-O Nc6 13.Nf4 cxd4 14.cxd4 Rc8 15.Ra2 Na5
16.h4 Nc4 17.h5 Bb1 18.Re2 h6 19.Kh1 Rc6 20.Rg1 Qd6 21.Bf1 Nh7 22.Nh3 Ng5
23.Nxg5 hxg5 24.Rh2 Bh7 25.Bd3 Qh6 26.Bxh7+ Qxh7 27.e4 dxe4 28.d5 Ra6 29.Qe2 Nd6
30.h6 exf3 31.Qxf3 Qe4 32.Qxe4 Nxe4 33.hxg7 Kxg7 34.Bb2+ f6 35.Rc1 Re7 36.Rc8 Rb6
37.Rch8 Ng3+ 38.Kg1 Re1+ 39.Kf2 Re2+ 40.Kg1 Re1+ 41.Kf2 Re2+ 42.Kg1 Rxh2
43.Rxh2 Rb3 44.Rc2 Ne4 45.Kf1 a6 46.Bc1 Rc3 47.Rxc3 Nxc3 48.d6 Kf7 49.Bb2 Nd5
50.Ke2 Ke6 51.Kd3 Kxd6 52.Ke4 Ke6 53.Kd4 b6 54.Ke4 b5  0-1

[Event "2nd Split Open 2012"]
[Site "Split CRO"]
[Date "2012.08.13"]
[Round "3.16"]
[White "Ibanez Aullana,J"]
[Black "Susak,Z"]
[Result "0-1"]
[WhiteElo "2288"]
[BlackElo "2203"]

1.d4 Nf6 2.c4 e6 3.Nc3 Bb4 4.f3 c5 5.d5 exd5 6.cxd5 d6 7.e4 O-O 8.Bd3 Nbd7
9.Ne2 Ne5 10.Bc2 Re8 11.O-O a6 12.h3 Ng6 13.g4 b5 14.Ng3 Ba5 15.Kh2 h6 16.Nf5 Bb6
17.Bxh6 gxh6 18.Qd2 Bxf5 19.gxf5 Kg7 20.Rg1 c4 21.fxg6 Bxg1+ 22.Rxg1 fxg6
23.e5 Rxe5 24.Rxg6+ Kf7 25.Qf4 b4 26.Ne4 Rxe4 27.Bxe4 Qe7 28.Qxh6 Rg8 29.h4 Qe5+
30.Kh3 Nxe4 31.Qh7+ Rg7 32.Rxg7+ Qxg7 33.Qxe4 Qf6 34.Kg3 c3 35.bxc3 bxc3
36.Kf2 c2 37.Qh7+ Kf8 38.Qxc2 Qxh4+ 39.Ke2 Qh2+ 40.Kd3 Qh7+ 41.Kd2 Qh2+ 42.Kc3  0-1

[Event "Husek Vienna Open A"]
[Site "Vienna AUT"]
[Date "2012.08.14"]
[Round "2"]
[White "Liedl,W"]
[Black "Shengelia,D"]
[Result "0-1"]
[WhiteElo "2234"]
[BlackElo "2545"]

1.d4 Nf6 2.c4 e6 3.Nc3 Bb4 4.f3 c5 5.d5 b5 6.e4 O-O 7.e5 Ne8 8.f4 d6 9.Nf3 Nc7
10.dxe6 Nxe6 11.a3 Bxc3+ 12.bxc3 Qa5 13.cxb5 dxe5 14.fxe5 Bb7 15.Be2 Nd7
16.O-O Rad8 17.Qc2 Bxf3 18.Rxf3 Nxe5 19.Rh3 g6 20.Be3 c4 21.Qe4 Qc7 22.Bd4 Nxd4
23.cxd4 Qb6 24.Qxe5 Rfe8 25.Qc5 Rxe2 26.Qxb6 axb6 27.Rd1 Rd5 28.Rc3 Rxb5
29.Rxc4 Rbb2 30.g3 Rg2+ 31.Kf1 Rxh2 32.Kg1 Rbg2+ 33.Kf1 Rxg3 34.Rb4 Rxa3
35.Kg1 Rah3  0-1

[Event "2nd Split Open 2012"]
[Site "Split CRO"]
[Date "2012.08.15"]
[Round "5.12"]
[White "Motuz,K"]
[Black "Susak,Z"]
[Result "1-0"]
[WhiteElo "2393"]
[BlackElo "2203"]

1.d4 Nf6 2.c4 e6 3.Nc3 Bb4 4.f3 c5 5.d5 exd5 6.cxd5 d6 7.e4 O-O 8.Bd3 Re8
9.Ne2 Nbd7 10.O-O Ne5 11.Bc2 Bd7 12.Kh1 b5 13.Ng3 Ba5 14.Bg5 h6 15.Be3 Nc4
16.Bc1 Rc8 17.f4 Ng4 18.Qf3 f5 19.h3 b4 20.hxg4 bxc3 21.bxc3 Qh4+ 22.Kg1 fxg4
23.Qd3 g6 24.Ne2 Nb6 25.c4 Rb8 26.Rb1 g3 27.Nxg3 Nxc4 28.e5 Rxb1 29.Qxg6+ Kf8
30.Bxb1 Re7 31.e6 Be8 32.Qd3 Qg4 33.Nf5 Bg6 34.Qxc4 Bxf5 35.Bxf5 Qxf5 36.Bb2 Rb7
37.Be5 dxe5 38.Qxc5+ Kg7 39.Qxa5 e4 40.Qc3+ Kg6 41.Qc6 Re7 42.Qd6 Kf6 43.Re1 Qg4
44.Qe5+ Kg6 45.Qxe4+  1-0

[Event "2nd Split Open 2012"]
[Site "Split CRO"]
[Date "2012.08.16"]
[Round "6.25"]
[White "Bozinovic,Bog"]
[Black "Bosnjak,Petar"]
[Result "1-0"]
[WhiteElo "2242"]
[BlackElo "2099"]

1.d4 Nf6 2.c4 e6 3.Nc3 Bb4 4.f3 Nc6 5.a3 Bxc3+ 6.bxc3 b6 7.e4 Ba6 8.Nh3 Na5
9.e5 Ng8 10.Qa4 h6 11.Nf4 Ne7 12.Bd3 O-O 13.h4 d6 14.Bb1 dxe5 15.Qc2 g6 16.dxe5 Bxc4
17.Be3 Bb3 18.Qe2 Nd5 19.Nxd5 Qxd5 20.Bxh6 Rad8 21.Kf2 Qc5+ 22.Qe3 Qxe3+
23.Kxe3 Nc4+ 24.Kf4 Rfe8 25.Bg5 Rd5 26.Bf6 Nd2 27.h5 g5+ 28.Kxg5 Nxb1 29.Raxb1 Bc2
30.Rb2 Bd3 31.Rd2 c5 32.Kh6 c4 33.Rh4 Bf5 34.Rxd5 exd5 35.g4 Bd3 36.g5 b5
37.Rd4 a5 38.Rxd5 b4 39.axb4 axb4 40.cxb4 Rc8 41.g6 fxg6 42.hxg6  1-0